Statystyki dla Kraje i stolice państw Unii Europejskiej

Kliknij tutaj aby rozwiązać quiz!

Ogólne statystyki

  • Ten quiz został rozwiązany 71 razy
  • Średni wynik to 23 z 27

Statystyki odpowiedzi

PaństwoStolica% Poprawnych
PolskaWarszawa
95%
WłochyRzym
93%
GrecjaAteny
91%
NiemcyBerlin
91%
SłowacjaBratysława
91%
HiszpaniaMadryt
91%
FrancjaParyż
91%
CzechyPraga
91%
AustriaWiedeń
91%
HolandiaAmsterdam
89%
BelgiaBruksela
89%
WęgryBudapeszt
89%
IrlandiaDublin
86%
LuksemburgLuksemburg
86%
ŁotwaRyga
86%
LitwaWilno
86%
ChorwacjaZagrzeb
86%
FinlandiaHelsinki
84%
DaniaKopenhaga
84%
PortugaliaLizbona
84%
BułgariaSofia
82%
SzwecjaSztokholm
82%
EstoniaTallin
82%
RumuniaBukareszt
80%
CyprNikozja
73%
MaltaValetta
66%
SłoweniaLublana
57%

Rozkład punktacji

Percentyl według liczby udzielonych odpowiedzi

Procent ludzi z każdym wynikiem

Twoja historia wyników

Nie rozwiązałeś tego quizu